|
|
|
|
| LEADER |
01302nam a2200301 a 4500 |
| 001 |
0017767 |
| 003 |
BD-DhAAL |
| 008 |
090817s2004 enka b 001 0 eng d |
| 010 |
|
|
|a 2003070656
|
| 020 |
|
|
|a 1403902313
|
| 020 |
|
|
|a 9781403902320
|
| 040 |
|
|
|a DLC
|c DLC
|d DLC
|d BD-DhAAL
|
| 082 |
0 |
0 |
|a 418/.0071
|2 22
|
| 245 |
0 |
0 |
|a Lexical diversity and language development :
|b quantification and assessment /
|c David Malvern ... [et al.].
|
| 260 |
|
|
|a Houndmills, Basingstoke, Hampshire ;
|a New York :
|b Palgrave Macmillan,
|c 2004.
|
| 300 |
|
|
|a xvi, 253 p. :
|b ill. ;
|c 23 cm
|
| 504 |
|
|
|a Includes bibliographical references (pages 203-217) and index.
|
| 526 |
|
|
|a ENH
|x Sohana Manzoor
Faculty Member of BRAC University
|
| 541 |
1 |
|
|e 00017767
|a Karim International
|
| 650 |
|
0 |
|a Language acquisition.
|
| 650 |
|
0 |
|a Lexicology.
|9 10949
|
| 700 |
1 |
|
|a Malvern, David.
|9 58257
|
| 700 |
1 |
|
|a Richards,Brian J.
|9 58258
|
| 700 |
1 |
|
|a Chipere,Ngoni.
|9 58259
|
| 852 |
4 |
|
|a Ayesha Abed Library
|j General Stacks
|
| 942 |
|
|
|2 ddc
|c BK
|
| 999 |
|
|
|c 3334
|d 3334
|
| 952 |
|
|
|0 0
|1 0
|2 ddc
|4 0
|6 418_007100000000000_MAL_2008
|7 0
|9 3025
|a BRACUL
|b BRACUL
|c GEN
|d 2009-08-31
|e Karim International
|g 1949.00
|l 1
|m 2
|o 418.0071 MAL
|p 3010017767
|r 2019-04-21
|s 2018-04-24
|t 1
|w 2009-08-31
|y BK
|x Requisitioned by Sohana Manzoor (Faculty member of BRAC University).
|